Fisiología del ejercicio (Registro nro. 52517)
[ vista simple ]
| 000 -ENCABEZADO | |
|---|---|
| Número de control [NR] | 01330nam a2200361Ia 4500 |
| 005 - FECHA Y HORA DE LA ÚLTIMA TRANSACCIÓN | |
| control field | 20211105120513.0 |
| 008 - DE LONGITUD FIJA DE DATOS DE ELEMENTOS - INFORMACIÓN GENERAL | |
| Elementos de longitud fija [NR] | 130821s2014 sp ado fr 1 spa |
| 020 ## - NUMERO INTERNACIONAL NORMALIZADO PARA LIBROS [R] | |
| Número Internacional Normalizado del libro [NR] | 8448605985 (2a.Ed.) |
| 020 ## - NUMERO INTERNACIONAL NORMALIZADO PARA LIBROS [R] | |
| Número Internacional Normalizado del libro [NR] | 9788498354805 (4a.Ed.) |
| 040 ## - FUENTE DE CATALOGACION [NR] | |
| Agencia de catalogación original [NR] | CO-BoUCM |
| Idioma de catalogación [NR] | spa |
| Quien Cataloga | Jose A. Gerena (modificó) |
| Quien Clasifica | [Nuevo] |
| 041 00 - CODIGO DE IDIOMA [R] | |
| Código de idioma para texto/pista de sonido o título separado [R] | Español |
| 060 ## - SIGNATURA TOPOGRAFICA DE LA BIBLIOTECA NACIONAL DE MEDICINA (NLM) [R] | |
| Número clasificador [R] | QT 255 |
| 100 1# - ASIENTO PRINCIPAL--NOMBRE PERSONAL [NR] | |
| Nombre personal [NR] | Mcardle, William D. |
| ID Autoridad | 68178 |
| 245 10 - MENCION DE TITULO [NR] | |
| Título [NR] | Fisiología del ejercicio |
| Mención de responsabilidad, etc. [NR] | William D. McArdle, Fran I. Katch, Victor L. Katch |
| Parte restante del título [NR] | fundamentos |
| 246 3# - FORMA VARIANTE DEL TITULO [R] | |
| Título propiamente dicho/forma breve del título [NR] | Fundamentos de fisiología del ejercicio |
| 250 ## - MENCION DE EDICION [NR] | |
| Mención de edición [NR] | 4a ed |
| 260 ## - PUBLICACION, DISTRIBUCION, ETC. (PIE DE IMPRENTA) [R] | |
| Lugar de publicación, distribución, etc. [R] | Madrid (España) |
| Nombre del editor, distribuidor, etc. [R] | McGraw-Hill |
| -- | Médica panamericana |
| Fecha de publicación, distribución, etc. [R] | 2014 |
| 300 ## - DESCRIPCION FISICA [R] | |
| Extensión [R] | xiii, 688 páginas |
| Otros detalles físicos [NR] | ilustraciones, cuadros, gráficas, fotografías |
| 504 ## - NOTA DE BIBLIOGRAFIA, ETC. [R] | |
| Nota de bibliografía, etc. [NR] | Incluye referencias bibliográficas e índices |
| 650 07 - ASIENTO SECUNDARIO DE MATERIA - TERMINO TEMATICO [R] | |
| Término temático o nombre geográfico como elemento de entrada [NR] | Deportes |
| 9 (RLIN) | 388 |
| 650 07 - ASIENTO SECUNDARIO DE MATERIA - TERMINO TEMATICO [R] | |
| Término temático o nombre geográfico como elemento de entrada [NR] | Educación física |
| 9 (RLIN) | 13825 |
| 650 07 - ASIENTO SECUNDARIO DE MATERIA - TERMINO TEMATICO [R] | |
| Término temático o nombre geográfico como elemento de entrada [NR] | Actividad física |
| 9 (RLIN) | 8428 |
| 650 07 - ASIENTO SECUNDARIO DE MATERIA - TERMINO TEMATICO [R] | |
| Término temático o nombre geográfico como elemento de entrada [NR] | Ejercicio |
| 9 (RLIN) | 13933 |
| 650 07 - ASIENTO SECUNDARIO DE MATERIA - TERMINO TEMATICO [R] | |
| Término temático o nombre geográfico como elemento de entrada [NR] | Fuerza muscular |
| 9 (RLIN) | 16171 |
| 650 07 - ASIENTO SECUNDARIO DE MATERIA - TERMINO TEMATICO [R] | |
| Término temático o nombre geográfico como elemento de entrada [NR] | Medicina deportiva |
| 9 (RLIN) | 19146 |
| 690 ## - ASUNTO AGREGADO LOCAL DE ENTRADA - TÉRMINO TEMÁTICO (OCLC, RLIN) | |
| Acceso temático local | Fisioterapia |
| 9 (RLIN) | 15956 |
| 690 ## - ASUNTO AGREGADO LOCAL DE ENTRADA - TÉRMINO TEMÁTICO (OCLC, RLIN) | |
| Acceso temático local | Medicina deportiva |
| 9 (RLIN) | 19146 |
| 700 1# - ASIENTO SECUNDARIO - NOMBRE PERSONAL [R] | |
| Nombre personal [NR] | Katch, Fran I. |
| 9 (RLIN) | 68179 |
| 700 1# - ASIENTO SECUNDARIO - NOMBRE PERSONAL [R] | |
| Nombre personal [NR] | Katch, Victor L. |
| 9 (RLIN) | 68180 |
| 765 1# - ASIENTO DE IDIOMA ORIGINAL [R] | |
| Asiento principal [NR] | Essentials of exercise physiology |
| 830 ## - ASIENTO SECUNDARIO DE SERIE--TITULO UNIFORME [R] | |
| Título uniforme [NR] | Bibliografía Básica Medio Universitario. |
| 9 (RLIN) | 29597 |
| 942 ## - ELEMENTOS DE ENTRADA AGREGADOS (KOHA) | |
| Tipo de ítem principal el descrito en 300a | Libro |
| Tema principal | Ciencias de la salud |
| Edición | 4 |
| Parte restante de la signatura top. | M478f |
| Sistema de clasificación | NLM |
| Clasificación | QT 255 |
| Título oculto en OPAC | No |
| Fecha de último préstamo | Total préstamos | Total Renewals | Signatura topográfica | Código de barras | Última vez visto | Volúmen / Fascículo | Ejemplar | Price effective from | Tipo de ítem | Perdido | Sistema de clasificación | Dañado | No prestable | Tipo de ítem específico | Suprimido | Ubicación habitual | Ubicación actual | Localización | Fecha de creación | Forma de adquisición | Costo | Costo de reposición | Proveedor |
|---|---|---|---|---|---|---|---|---|---|---|---|---|---|---|---|---|---|---|---|---|---|---|---|
| 02/10/2025 | 187 | 36 | QT 255 M478f | 200014504 | 11/12/2025 | 2a.Ed. | Ej.2 | 03/02/2013 | Libro | NLM | Libro | Quinta de Mutis | Quinta de Mutis | 1er piso | 30/09/2007 | Compra | 212000.00 | ||||||
| 15/02/2024 | 199 | 66 | QT 255 M478f | 200014505 | 11/12/2025 | 2a.Ed. | Ej.1 | 03/02/2013 | Libro | NLM | Libro | Quinta de Mutis | Quinta de Mutis | 1er piso | 30/09/2007 | Compra | 212000.00 | ||||||
| 20/02/2024 | 25 | QT 255 M478f | 200028243 | 29/01/2026 | 4a.Ed. | Ej.1 | 26/03/2015 | Libro de reserva | NLM | Libro de reserva | Quinta de Mutis | Quinta de Mutis | 1er piso | 26/03/2015 | Compra | 156750.00 | 156750.00 | 34 | |||||
| 09/12/2025 | 103 | 63 | QT 255 M478f | 200028244 | 11/02/2026 | 4a.Ed. | Ej.2 | 26/03/2015 | Libro | NLM | Libro | Quinta de Mutis | Quinta de Mutis | 1er piso | 26/03/2015 | Compra | 156750.00 | 156750.00 | 34 |